| 000 | 00923nam a22003017a 4500 | ||
|---|---|---|---|
| 001 | 8335 | ||
| 003 | FISKH | ||
| 005 | 20250909142310.0 | ||
| 008 | 250909b cb ||||| |||| 00| 0 eng d | ||
| 020 | _a9780439880329 | ||
| 040 |
_aFISKH _beng _cFISKH _dFISKH |
||
| 050 | _aPZ7.P377 | ||
| 082 | _a613.6 | ||
| 100 | _aH.Pappas, Diane | ||
| 245 |
_aI know where I live / _cBy Diane H.Pappas & Richard D.Covey ; Illustrated by Ric Estrada |
||
| 250 | _aThis edition first published in 2006 | ||
| 260 |
_aNew York : _bScholastic, _c2006 |
||
| 300 |
_a13 unnumbered pages : _bcolor illustrations ; _c18 cm |
||
| 505 | _aN | ||
| 520 | _aOoutilines for children the steps to take if they get lost. | ||
| 521 | 8 |
_a580
_bLexile |
|
| 521 | 8 |
_aN
_bRaz-Plus |
|
| 650 |
_2Community _aGrowing up |
||
| 650 |
_2Safety _aSafety education |
||
| 700 |
_aEstrada, Ric _dillustrator |
||
| 942 |
_2ddc _cBK _n0 |
||
| 999 |
_c8335 _d8335 |
||